Catholic Dioceses of Ireland - Statistics

General Stats
  • This quiz has been taken 67 times
  • The average score is 10 of 26
Answer Stats
Hint Answer % Correct
Archdiocese Dublin
100%
Cork and Ross
96%
Galway, Kilmacduagh and Kilfenora
85%
Limerick
78%
Derry
67%
Archdiocese Armagh
59%
Kerry
52%
Waterford and Lismore
52%
Meath
43%
Kildare and Leighlin
37%
Archdiocese Cashel and Emly
35%
Archdiocese Tuam
35%
Down and Connor
33%
Ardagh and Clonmacnoise
22%
Raphoe
22%
Clogher
20%
Ferns
20%
Ossory
20%
Cloyne
17%
Achonry
15%
Dromore
15%
Elphin
15%
Killala
15%
Killaloe
15%
Clonfert
13%
Kilmore
11%
No matching quizzes found
Score Distribution
Percent of People with Each Score
Percentile by Number Answered
Your Score History
You have not taken this quiz